La industria maquiladora mexicana : aprendizajes tecnológicos, impactos regionales y entornos institucionales /

Contenido: Aprendizaje tecnológico y escalamiento industrial; Impacto regional: desarrollo de proveedores directos e indirectos; Entorno institucional y asociaciones empresariales; Empleo y trabajadores en la industria maquiladora.

Gorde:
Xehetasun bibliografikoak
Egile nagusia: Carrillo V., Jorge (coord.)
Beste egile batzuk: Partida Rocha, Raquel Edith (coordinación) (coordinación)
Formatua: Liburua
Hizkuntza:gaztelania
Argitaratua: Tijuana, México : Guadalajara, México : El Colegio de la Frontera Norte ; Universidad de Guadalajara, 2004, c2004
Gaiak:
Etiketak: Etiketa erantsi
Etiketarik gabe, Izan zaitez lehena erregistro honi etiketa jartzen!

MARC

LEADER 00000nam^a2200000^a^4500
001 000171991
005 20250521000000.0
009 20260310101402.44
020 |a 968-7947-28-4 
037 |a Acervo ITESO - Biblioteca 
041 |a ESP 
082 |a 338. 4560972  |b CAR 
100 |a Carrillo V., Jorge  |e (coord.) 
245 1 3 |a La industria maquiladora mexicana :  |b aprendizajes tecnológicos, impactos regionales y entornos institucionales /  |c Coord. de J.V. Carrillo, R.E. Partida Rocha. 
264 4 |a Tijuana, México :  |b El Colegio de la Frontera Norte ;  |c 2004, c2004  |a Guadalajara, México :  |b Universidad de Guadalajara, 
300 |a 461 p. 
336 |a texto  |b txt  |2 rdacontenido 
337 |a sin mediación  |b n  |2 rdamedio 
338 |a volumen  |b nc  |2 rdasoporte 
520 |a Contenido: Aprendizaje tecnológico y escalamiento industrial; Impacto regional: desarrollo de proveedores directos e indirectos; Entorno institucional y asociaciones empresariales; Empleo y trabajadores en la industria maquiladora. 
649 |a XX 
650 |a Maquiladoras -  |z México 
650 |a Industria -  |z México 
650 |a Exportaciones -  |z México 
650 |a Industrialización -  |z México 
650 |a Empleo y Desempleo -  |z México 
650 |a Mercado de Trabajo -  |z México 
650 |a Relaciones Laborales -  |z México 
650 |a Alianzas Estratégicas y Clusters -  |z México 
650 |a Economía Laboral -  |z México 
650 |a Producción Económica -  |z México 
650 |a Desarrollo Económico-Social -  |z México 
650 |a Economía -  |z México 
700 |a Partida Rocha, Raquel Edith  |e (coordinación) 
910 |a Fondo General 
920 |a Impresos - Libros 
930 |a Colección General 
905 |a 101 
901 |a 0500109539  |b IT1  |c ACC  |u 20250521 
902 |a https://opac.biblio.iteso.mx/vufind/Record/000171991